Exploring segmentation in rural financial markets: an application in El Salvador /

Kaydedildi:
Detaylı Bibliyografya
Yazar: Moll, Henk A.
Diğer Yazarlar: Ruben, Ruerd, Mol, Eelco W.G, Sanders, Arie A.
Materyal Türü: Metin
Konular:
Etiketler: Etiketle
Etiket eklenmemiş, İlk siz ekleyin!

MARC

LEADER 00000 a a2200000 04500
001 17318
003
040
100 |a Moll, Henk A.  
245 |a Exploring segmentation in rural financial markets:   |b an application in El Salvador /  |c Henk A. Moll ; Ruerd Ruben ; Eelco W.G. Mol ; Arie A. Sanders 
650 |a CREDITO RURAL  
650 |a POBLACION RURAL  
650 |a EL SALVADOR  
700 |a Ruben, Ruerd  
700 |a Mol, Eelco W.G.  
700 |a Sanders, Arie A.  
773 |g volumen 29, número 2; páginas 33-52  
999 |c 30063  |d 30063